000 00591nam a22001817a 4500
005 20231113141818.0
008 231113b |||||||| |||| 00| 0 eng d
020 _a0409045667
041 _aEnglish
082 _a345.3 NEE
100 _aNeethling, J ; Potgieter, JM and Visser, PJ
_lEnglish
245 _aLaw of Delict /
_cJ Neethling, J Potgieter and PJ Visser
250 _aSecond Edition
260 _aDurban :
_bButterworth Publishers (Pty) Ltd,
_c1994
300 _bxii, 417 pages ;
_c24,8 cm.
650 _aLegal practice
_bLaw
942 _cBK
_6ALISON_BN_VRIES
999 _c582
_d582